| 000 | 01276cam a22003497a 4500 | ||
|---|---|---|---|
| 003 | CHAP | ||
| 005 | 20220329142440.0 | ||
| 008 | 010227d2001 mx a r 00110 spa d | ||
| 010 | _a83639 | ||
| 011 | _a84611 | ||
| 035 | _a95136 | ||
| 040 | _cCHAP | ||
| 090 | _aTesis | ||
| 100 | 0 | 0 |
_aLópez Rodríguez, Octavio Abel. _968295 |
| 245 | 1 | 0 |
_aDesarrollo de plantas de mezquite, Prosopis laevigata (humb. & bonpl. ex wild) M.C. Johnst., en suelos salinos del ex-Lago de Texcoco _c/por Octavio Abel López Rodríguez. |
| 260 |
_aChapingo, Méx. : _bEl autor, _c2001. |
||
| 300 |
_a62 h. : _bilus.; tablas; gráfs. |
||
| 502 | _aTesis (Ing. en Agroecología) -- UACH. Departamento de Agroecología. | ||
| 590 |
_aALEPH _b10 _c20130110 _lUCH01 _h1441 |
||
| 590 |
_aBATCH-UPD _b10 _c20130110 _lUCH01 _h1736 |
||
| 590 |
_aBATCH-UPD _b10 _c20130410 _lUCH01 _h1116 |
||
| 590 |
_aBATCH-UPD _b10 _c20130914 _lUCH01 _h1713 |
||
| 590 |
_aCONVERSION _b10 _c20130109 _lUCH01 _h1346 |
||
| 650 | 1 | 4 |
_aLago de Texcoco _xSuelos. _964412 |
| 650 | 1 | 4 |
_aMezquite _xGerminación. _975370 |
| 650 | 1 | 4 |
_aSuelos salinos. _9110558 |
| 901 | _aBK | ||
| 905 | _aEdna Luz | ||
| 942 | _cFOLL | ||
| 949 |
_bBC _cTES _d33724000818399 _eTS2 _fc.2 _h37904 _i95136 _si |
||
| 949 |
_bBC _cTES _d951361 _eTS1 _h37903 _i95136 _sb |
||
| 999 |
_c83639 _d83639 |
||